• 首页
  • 本馆介绍
  • 公告通知
  • 最新文献
  • 馆藏检索
  • 电子资源
  • 读者导购
  • 参考咨询
  • 我的图书馆
  • 登录
  • 详细信息显示
  • 放入我的书架
  • 预约/预借图书
  • 作者相关作品
  • 分类相关作品
  • 丛书相关作品
  • 出版社相关作品

书目信息

  • 表格格式
  • 工作单格式
  • 卡片格式
题名:
高分子流变学基础
    
 
作者: 史铁钧 , 吴德峰 编
分册:  
出版信息: 北京   化学工业出版社  2009
页数: 120页
开本: 26cm
丛书名: 普通高等教育“十一五”国家级规划教材
单 册:
中图分类: TB324-43
科图分类: 71.225
主题词: 高分子材料--Gao Fen Zi Cai Liao--流变学--高等学校--教材
电子资源:
ISBN: 978-7-122-04565-2
000 01328nam 2200313 45
001 012001002011
005 20131109150258.0
010    @a978-7-122-04565-2@dCNY27.00
092    @b20090602-009@aCN
099    @aCAL 012009083327
100    @a20090611d2009 em y0chiy50 ea
101 0  @achi
102    @aCN@b110000
105    @aak a 000yy
106    @ar
200 1  @a高分子流变学基础@AGao Fen Zi Liu Bian Xue Ji Chu@f史铁钧, 吴德峰编
210    @a北京@c化学工业出版社@d2009
215    @a120页@c图@d26cm
225 2  @a普通高等教育“十一五”国家级规划教材@APu Tong Gao Deng Jiao Yu “shi Yi Wu ”guo Jia Ji Gui Hua Jiao Cai
320    @a有书目 (第120页)。
330    @a本书是在高分子化学、高分子合成工艺原理、高分子物理以及工程力学等课程的基础上,着重介绍流变学的基本原理和高分子材料流动与变形的基本行为,努力阐明高分子材料流动变形行为与经典黏性体和弹性体之间的不同,深入讨论剪切作用、温度、压力、结构和时间等因素对高分子流变性质的影响,并介绍了流变物质的测试原理和基本研究方法等。
410  0 @12001@a普通高等教育“十一五”国家级规划教材
606 0  @a高分子材料@AGao Fen Zi Cai Liao@x流变学@x高等学校@j教材
690    @aTB324-43@v4
692    @a71.225@v3
701  0 @a史铁钧@AShi Tie Jun@4编
701  0 @a吴德峰@AWu De Feng@4编
801  0 @aCN@b北京卓展@c20191020
905    @b1199433-6@dTB324-43@e517@f4
    
    高分子流变学基础/史铁钧, 吴德峰编.-北京:化学工业出版社,2009
    120页:图;26cm.-(普通高等教育“十一五”国家级规划教材)
    
    
    ISBN 978-7-122-04565-2:CNY27.00
    本书是在高分子化学、高分子合成工艺原理、高分子物理以及工程力学等课程的基础上,着重介绍流变学的基本原理和高分子材料流动与变形的基本行为,努力阐明高分子材料流动变形行为与经典黏性体和弹性体之间的不同,深入讨论剪切作用、温度、压力、结构和时间等因素对高分子流变性质的影响,并介绍了流变物质的测试原理和基本研究方法等。
●
相关链接 在E读中查询图书 在五车中查询图书 在当当中查询图书 在豆瓣中查询图书


正题名:高分子流变学基础     索取号:TB324-43/517         预约/预借

序号 登录号 条形码 馆藏地/架位号 状态 备注
1 1199433   211994332   第二样本阅览室/ [索取号:TB324-43/517] 在馆    
2 1199434   211994341   第三借阅区/ [索取号:TB324-43/517] 在馆    
3 1199435   211994350   第三借阅区/ [索取号:TB324-43/517] 在馆    
4 1199436   211994369   第三借阅区/ [索取号:TB324-43/517] 在馆    
唐山师范学院图书馆 欢迎您!
大连网信软件有限公司© 版权所有